000 00621nam a2200205 a 4500
001 000012643
005 20200929163042.0
008 091114s1972 ck 001 j spa d
040 _aDO-SdBNP
_bspa
_cBNPHU
082 _aC863.3
_bG633g
100 1 _aGómez, Efe,
_q(Francisco Gómez Escobar),
_d1867-1938
_929422
245 1 0 _aGuayabo negro /
_cEfe Gómez.
260 _aMedellí :
_bBedout,
_c1972.
300 _a178, [4] ;
_c19 cm.
490 1 _aBolsilibros Bedout
_v123
650 4 _aCuentos colombianos
_921475
650 4 _aLiteratura colombiana
_91244
830 0 _aBolsilibros Bedout ;
_v123
_93750
049 _aBNGR
999 _c12295
_d12295